|
|
แสดงรายละเอียดบรรณานุกรม |
|
|
Brief Record
: Get Marc (ISO 2709)
: E-mail record
: |
| LEADER 00000nama 2200000uu 4500 | |||
| 008 040531s2529 th m m a000 0 tha d | |||
| 041 tha | |||
| 050 วจ WA20.5 อ526ร 2529 | |||
| 100 อัญชัญ ทองทวี | |||
| 245 รายงานการวิจัยเรื่อง ความพอใจของประชาชนต่อบริการของรัฐในเขตรับผิดชอบ :กรณ๊ศึกษาเจ้าหน้าที่สาธารรสุขจาก 9 จังหวัดของเขต 5/โดยอัญชัญ ทองทวีและคณะ 400 | |||
| 260 เชียงใหม่ ศูนย์ 2529 | |||
| 300 37 แผ่น | |||
| 650 บุคลากรสาธารณสุข วิจัย สุขภาพ การบริหาร วิจัยศูนย์อนามัยแม่และเด็ก เขต 5 เชียงใหม่ชื่อเรื่อง | |||
| 998 1999-02-10 | |||
| 999 ^aใช้งานได้ทุกระบบ | |||
| คุณยังไม่ได้ล็อกอิน คุณสามารถมีกิจกรรมร่วมกับเว็บไซต์ได้ แต่ต้องล็อกอินก่อน :: |
|
| สถานะ | |||||||||
| 1. | งานวิจัย | วจ WA20.5 อ526ร 2529 | On Shelf ขอยืม | ||||||
| [แสดง 1/1 รายการ] | |||||||||
BibComment |
| คอมเมนท์ทรัพยากรรายการนี้ |
|
|